000 00920 a2200217 4500
003 NUST
005 20230126131148.0
010 _a 79458275
020 _a0582313945
040 _cNust
082 0 0 _a909.009,GAL
100 1 _aGalbraith V.H
_96640
245 1 4 _aThe study of history /
_c V.H.Galbraith .
260 _a Islamabad,
_bNational book Foundation ,
_c1969.
300 _aviii, 143 p.;
_bplate, 1 illus.
_c22 cm.
505 _aForeword: to the Reader (Page-v) PART-1: The historian at Work (Page-1), PART-2: Historical Research and the Preservation of the Past (Page-57), PART-3: Research in Action Who wrote Asser’s Life of Alfred (Page-88), Glossary (Page-129), Notes on the Text (Page-134), Some Books for Further Reading (Page-135).
650 0 _aHistoriography.
_946081
650 0 _aHistory
_xPhilosophy.
_96591
650 0 _aPolitical science
_xMethodology.
_92195
942 _2ddc
_cBK
_k909.009,GAL
999 _c178815
_d178815